[Event "DSOL 05 Liga Gr-A 1st"]
[Site "Playchess.com INT"]
[Date "2020.08.14"]
[Round "2.3"]
[White "Gruenert, Thomas"]
[Black "Dittscheid, Sebastian"]
[Result "1-0"]
[WhiteElo "1707"]
[BlackElo "1548"]
[PlyCount "104"]
[EventDate "2020.06.22"]
[EventType "team-tourn (rapid)"]
[EventCountry "GER"]
[SourceTitle "EXT 2021"]
[Source "ChessBase"]
[SourceDate "2020.10.23"]
[SourceVersion "1"]
[SourceVersionDate "2020.10.23"]
[SourceQuality "1"]
[WhiteTeam "Illingen"]
[BlackTeam "Burglengenfeld"]
[WhiteTeamCountry "GER"]
[BlackTeamCountry "GER"]

1. d4 d6 2. c4 Nf6 3. Nc3 Nbd7 4. e4 e5 5. d5 Be7 6. Nf3 c6 7. Bd3 Qc7 8. h3 h6 9. Be3 Nf8 10. Qe2 a5 11. 0-0-0 Ng6 12. g3 0-0 13. Nd2 Nh7 14. f4 f5 15. fxe5 Nxe5 16. Rdf1 Nxd3+ 17. Qxd3 fxe4 18. Rxf8+ Bxf8 19. Qxe4 Nf6 20. Qg2 Bd7 21. Bd4 Be7 22. Re1 Re8 23. g4 Nh7 24. dxc6 bxc6 25. Rf1 Rf8 26. b3 Bf6 27. Bxf6 Rxf6 28. Qg3 Qd8 29. Re1 Qf8 30. h4 g5 31. Nce4 Rf4 32. hxg5 hxg5 33. Qd3 d5 34. cxd5 Qa3+ 35. Kb1 Nf6 36. dxc6 Bxc6 37. Qc4+ Kg7 38. Qxc6 Nxe4 39. Qc7+ Kg6 40. Rxe4 Qf8 41. Re7 Rxg4 42. Qd6+ Qf6 43. Qd3+ Re4 44. Qxe4+ Kh5 45. Rh7+ Qh6 46. Rxh6+ Kxh6 47. Nf3 g4 48. Qe6+ Kg7 49. Qxg4+ Kf6 50. Qg5+ Ke6 51. Qxa5 Kf7 52. Qb6 Ke7 1-0

[Event "DSOL 05 Liga Gr-A 1st"]
[Site "Playchess.com INT"]
[Date "2020.07.24"]
[Round "5.3"]
[White "Dittscheid, Sebastian"]
[Black "Schiller, Dirk"]
[Result "0-1"]
[WhiteElo "1548"]
[BlackElo "1674"]
[PlyCount "84"]
[EventDate "2020.06.22"]
[EventType "team-tourn (rapid)"]
[EventCountry "GER"]
[SourceTitle "EXT 2021"]
[Source "ChessBase"]
[SourceDate "2020.10.23"]
[SourceVersion "1"]
[SourceVersionDate "2020.10.23"]
[SourceQuality "1"]
[WhiteTeam "Burglengenfeld"]
[BlackTeam "Kaltenkirchen"]
[WhiteTeamCountry "GER"]
[BlackTeamCountry "GER"]

1. e4 e5 2. Nf3 Nc6 3. d3 Nf6 4. Nbd2 Bc5 5. Be2 d6 6. h3 Be6 7. c3 Bb6 8. Qc2 h6 9. Nf1 Qd7 10. b4 a6 11. Be3 0-0 12. g4 Nh7 13. g5 hxg5 14. Nxg5 Bxe3 15. Nxh7 Bxf2+ 16. Kxf2 Kxh7 17. Ne3 Qe7 18. Bg4 Qh4+ 19. Ke2 Ne7 20. Rag1 Ng6 21. Kd1 Nf4 22. Ng2 Nxg2 23. Rxg2 g6 24. Rhg1 Rg8 25. Qe2 Raf8 26. d4 exd4 27. cxd4 Bxg4 28. hxg4 Qf6 29. Qe3 g5 30. Rf2 Qe7 31. Qd3 Rg6 32. e5 dxe5 33. Rh2+ Kg7 34. Rgh1 Rg8 35. dxe5 Qxe5 36. Rh7+ Kf8 37. Qd8+ Qe8 38. Qxc7 Qa4+ 39. Kd2 Qxb4+ 40. Ke3 Re6+ 41. Kf2 Qd2+ 42. Kf3 Re3# 0-1

[Event "Oberpfalz-ch M3"]
[Site "Bad Koetzting"]
[Date "2018.03.27"]
[Round "7"]
[White "Kutschera, Reinhardt"]
[Black "Dittscheid, Sebastian"]
[Result "1-0"]
[WhiteElo "1420"]
[BlackElo "1356"]
[PlyCount "101"]
[EventDate "2018.03.24"]
[EventType "swiss"]
[EventRounds "8"]
[EventCountry "GER"]
[SourceTitle "EXT 2020"]
[Source "ChessBase"]
[SourceDate "2019.10.17"]
[SourceVersion "1"]
[SourceVersionDate "2019.10.17"]
[SourceQuality "1"]

1. c4 e5 2. d3 Bc5 3. Nf3 d6 4. g3 c6 5. Nc3 Nf6 6. Bg5 Nbd7 7. Ne4 Bb4+ 8. Nfd2 h6 9. Bxf6 Nxf6 10. Bg2 Be6 11. 0-0 d5 12. cxd5 cxd5 13. Nxf6+ Kf8 14. Nxd5 Bxd5 15. Bxd5 Qxd5 16. Qb3 Qxb3 17. Nxb3 Ke7 18. Rac1 Rac8 19. Rxc8 Rxc8 20. Rc1 Rxc1+ 21. Nxc1 f5 22. e4 g6 23. f3 a5 24. Kf1 b5 25. Ke2 a4 26. h3 h5 27. a3 Bc5 28. Kd2 Ke6 29. Na2 Bd6 30. Kc3 Bc5 31. b4 axb3 32. Kxb3 Kd6 33. Nc3 Kc6 34. Ne2 Kd6 35. f4 Ke6 36. exf5+ gxf5 37. fxe5 Kxe5 38. Nf4 Bd6 39. Nxh5 Kd4 40. Ng7 Bc5 41. Nxf5+ Kxd3 42. g4 Ke4 43. Ng7 Ke5 44. g5 Bf8 45. Ne8 Kf5 46. h4 Bc5 47. Nc7 Bf2 48. Nxb5 Bxh4 49. a4 Be1 50. Nc3 Kxg5 51. a5 1-0

[Event "Oberpfalz-ch M3"]
[Site "Bad Koetzting"]
[Date "2018.03.25"]
[Round "4"]
[White "Dittscheid, Sebastian"]
[Black "Zeitler, Juergen"]
[Result "0-1"]
[WhiteElo "1356"]
[BlackElo "1536"]
[PlyCount "117"]
[EventDate "2018.03.24"]
[EventType "swiss"]
[EventRounds "8"]
[EventCountry "GER"]
[SourceTitle "EXT 2020"]
[Source "ChessBase"]
[SourceDate "2019.10.17"]
[SourceVersion "1"]
[SourceVersionDate "2019.10.17"]
[SourceQuality "1"]

1. e4 e5 2. Nf3 Nc6 3. Bb5 a6 4. Ba4 Nf6 5. 0-0 Be7 6. Re1 b5 7. Bb3 d6 8. c3 0-0 9. d4 Bg4 10. d5 Na5 11. Bc2 c5 12. dxc6 Nxc6 13. Bg5 Rc8 14. a3 a5 15. Qd3 Qd7 16. Nbd2 Nd8 17. Nxe5 dxe5 18. Qxd7 Bxd7 19. Nf3 Ne6 20. Bh4 Rc5 21. Rad1 Rd8 22. Bg3 Nf4 23. Nxe5 Rxe5 24. Bxf4 Rc5 25. Be3 Rc6 26. Bg5 h6 27. Bd2 Be6 28. Bf4 b4 29. axb4 axb4 30. Ba4 Rc5 31. Rxd8+ Bxd8 32. f3 bxc3 33. Bb3 Rc8 34. Bxe6 fxe6 35. bxc3 Rxc3 36. Rb1 Bc7 37. Bd2 Rc2 38. Be3 Re2 39. Bf2 Bf4 40. Kf1 Rc2 41. g3 Rc1+ 42. Rxc1 Bxc1 43. h4 h5 44. Ke2 Nd7 45. Kd1 Ne5 46. Bb6 Nc4 47. Bd4 Be3 48. Bxe3 Nxe3+ 49. Ke2 Nc4 50. Kd3 Ne5+ 51. Ke3 Kf7 52. Kf4 Kf6 53. Ke3 g5 54. hxg5+ Kxg5 55. f4+ Kg4 56. Kf2 Nd3+ 57. Ke3 Kxg3 58. f5 exf5 59. exf5 0-1

[Event "Oberpfalz-ch M3"]
[Site "Bad Koetzting"]
[Date "2018.03.24"]
[Round "2"]
[White "Dittscheid, Sebastian"]
[Black "Wollenweber, Jochen"]
[Result "1-0"]
[WhiteElo "1356"]
[BlackElo "1149"]
[PlyCount "71"]
[EventDate "2018.03.24"]
[EventType "swiss"]
[EventRounds "8"]
[EventCountry "GER"]
[SourceTitle "EXT 2020"]
[Source "ChessBase"]
[SourceDate "2019.10.17"]
[SourceVersion "1"]
[SourceVersionDate "2019.10.17"]
[SourceQuality "1"]

1. e4 e5 2. Nf3 Nc6 3. Bb5 Nf6 4. 0-0 Nd4 5. Ba4 Bc5 6. c3 Nxf3+ 7. Qxf3 c6 8. h3 a5 9. Rd1 d5 10. d3 b5 11. Bc2 d4 12. Bg5 Be7 13. cxd4 Qxd4 14. Nc3 b4 15. Be3 Qd6 16. Na4 Rb8 17. Nb6 c5 18. Nc4 Qc7 19. Qg3 Nh5 20. Ba4+ Kf8 21. Qxe5 Qxe5 22. Nxe5 Nf6 23. Nc6 Rb7 24. Nxe7 Kxe7 25. Bxc5+ Kd8 26. Be3 Ke7 27. Rac1 Nd7 28. d4 Nb6 29. Bb3 a4 30. Bc4 Bd7 31. d5 Rc8 32. Ba6 Rxc1 33. Rxc1 Ra7 34. Be2 b3 35. axb3 axb3 36. Bxb6 1-0